000 00960nam0a22002531 4500
001 rc\1157393
005 20260407095903.0
035 _a(NLR Aleph) 006402207
090 _a5257976
_c5257976
100 _a20041129d1980 |||y0rusy50 ca
101 0 _arus
102 _aRU
105 _aa |||||||||
200 1 _aПолевые шпаты в процессе породообразования
_eСб. статей
_fКалм. гос. ун-т
_g[Ред. С.С. Ильенок]
210 _aЭлиста
_cИзд-во Калм. ун-та
_d1980
215 _a368 с.
_cил.
_d27
320 _aБиблиогр. в конце статей
702 1 _aИльенок
_bС.С.
_gСергей Сергеевич
_4340
712 0 2 _aКалмыцкий государственный университет
_cЭлиста
_3RU\NLR\AUTH\889925562
_9346918
801 0 _aRU
_bNLR
_gpsbo
801 1 _aRU
_bELAR
_2rusmarc
852 _aNLR
_j81-7/856
942 _cBOOK
980 _aNB